Ekonomická efektívnosť služieb e-governmentu v podmienkach SR bakalárska práca

Gespeichert in:
Bibliographische Detailangaben
1. Verfasser: Kiktavá, Silvia
Körperschaft: Podnikovohospodárska fakulta EU so sídlom v Košiciach. Katedra kvantitatívnych metód
Weitere Verfasser: Hudák, Matej, 1984-
Format: Buch
Sprache:Slowakisch
Veröffentlicht: Košice 2018
Tags: Tag hinzufügen
Keine Tags, Fügen Sie das erste Tag hinzu!

MARC

LEADER 00000nbm a2200000 4500
001 0245737
005 20181024125453.8
041 0 |a slo 
044 |a SK 
245 1 0 |a Ekonomická efektívnosť služieb e-governmentu v podmienkach SR  |b bakalárska práca  |c Silvia Kiktavá ; školiteľ: Matej Hudák 
264 1 |a Košice  |c 2018 
300 |a 47 s. 
100 1 |a Kiktavá, Silvia 
700 1 |a Hudák, Matej, 1984- 
710 2 |a Podnikovohospodárska fakulta EU so sídlom v Košiciach. Katedra kvantitatívnych metód